| 000 | 00358nam a2200133Ia 4500 | ||
|---|---|---|---|
| 008 | 210428s9999 xx 000 0 und d | ||
| 020 | _a0-7106-26878 | ||
| 082 | _a660 J331 J | ||
| 100 |
_aChristopher F Foss and Richard Stickland _952175 |
||
| 245 | 0 | _aArmour and Artillery Upgrades 2005-2006 | |
| 260 |
_bJanes _aUK _c2005 |
||
| 300 | _a659p | ||
| 942 | _cBK | ||
| 999 |
_c559941 _d559941 |
||